[Event "It (open)"]
[Site "masterchessopen.com – New Delhi (India)"]
[Date "2012.01.23"]
[Round "11"]
[White "Nepali Badrilal (NEP)"]
[Black "Himanshu Sharma (IND)"]
[Result "0-1"]
[WhiteElo "2132"]
[BlackElo "2408"]

1.e4 c5 2.Nf3 e6 3.d4 cxd4 4.Nxd4 Nc6 5.Nb5 d6 6.Bf4 e5 7.Be3 a6 8.N5c3 Nf6
9.Bg5 Be7 10.Bxf6 Bxf6 11.Bc4 O-O 12.O-O Be6 13.Bd3 Rc8 14.Nd5 Bg5 15.c3 g6
16.Na3 Kh8 17.Nc4 b5 18.Nce3 Na5 {#R} 0-1